محنة أمة : (Record no. 3751)
[ view plain ]
| 000 -الفاتح | |
|---|---|
| حقل البيانات ثابتة الطول | 00505nac a22001331u 4500 |
| 008 - عناصر البيانات ثابتة الطول - معلومات عامة | |
| حقل البيانات ثابتة الطول | 101104s2003 xxu||||| |||| 00| 0 ara d |
| 020 ## - الرقم الدولى المعيارى للكتب | |
| الرقم الدولى المعيارى للكتاب | 9770909475 |
| 082 ## - رقم تصنيف ديوى العشرى | |
| رقم التصنيف | 320.956 |
| رقم المادة | ف ق ى |
| 245 ## - بيان العنوان | |
| العنوان | محنة أمة : |
| بقية العنوان | خطايا النظم ومعاناة الشعوب / |
| بيان المسئوليه,etc | مصطفى الفقى |
| 260 ## - PUBLICATION, DISTRIBUTION, ETC. (IMPRINT) | |
| مكان الناشر او الموزع | القاهرة : |
| اسم الناشر او الموزع | دار الشروق ،2003 |
| تاريخ النشر أو التوزيع | 2003. |
| 300 ## - الوصف المادى | |
| التعداد | 450 ص ؛ |
| أبعاد الوعاء | 25 سم. |
| 651 ## - المدخل الاضافى بالموضوع - اسم جغرافى | |
| 9 (RLIN) | 13700 |
| الاسم الجغرافي | العالم العربي |
| التقسيم الفرعي العام | الأحوال السياسية |
| 942 ## - عناصر المدخل الإضافي( كوها) | |
| Koha [default] item type | Book - Borrowing |
| سابقة رقم الطلب | 320.956 ف ق ى |
| مصدر التصنيف او مخطط الترفيف | Dewey Decimal Classification |
| حالة التراجع | حالة الفقد | مصدر التصنيف او خطة الترفيف | حالة تلف | ليس للاعارة | مجموعات كوها | المكان الدائم | المكان الحالي | موقع الترفيف | تاريخ الاكتساب | Source of acquisition | سعر الشراء الطبيعي | رقم الاستدعاء | الباركود | Date last seen | مُعار | التكلفة | نوع الوعاء |
|---|---|---|---|---|---|---|---|---|---|---|---|---|---|---|---|---|---|
| Dewey Decimal Classification | Central Library | Central Library | First floor | 07/05/2015 | 30.00 | 327.0956 ف ق ى | 000030075 | 15/07/2025 | 12/02/2022 | 37.50 | Book - Borrowing |